000 00486nam a2200181Ia 4500
005 20250326123734.0
008 250326s9999 xx 000 0 und d
037 _aTextbook
040 _aFMSL
_beng
_cFMSL
041 _aeng
_2eng
084 _aX:8kg N2
_qFMSL
100 _aGopalakrisha P
_9735956
245 0 _aCost reduction handbook
_cGopalakrisha P
260 _aDelhi
_bDelhi, Jaico
_c1992
300 _a356p
942 _cTB
_hX:8kg N2
999 _c1270744
_d1270744